000 00293nam a22001337a 4500
999 _c147179
_d147179
082 _a
_b
100 _aBirdwood C B
245 _aIndia's Freedom struggle/
_cby Birdwood C B.
250 _a7th.
260 _aNew Delhi:
_bDiscovery,
_c1988.
300 _a276p.
650 _a
942 _cBK